Signal processing and linear systems by B P Lathi (Record no. 1211726)

MARC details
000 -LEADER
fixed length control field 01040nam a2200289Ia 4500
003 - CONTROL NUMBER IDENTIFIER
control field OSt
005 - DATE AND TIME OF LATEST TRANSACTION
control field 20221007123340.0
008 - FIXED-LENGTH DATA ELEMENTS--GENERAL INFORMATION
fixed length control field 221006b |||||||| |||| 00| 0 eng d
020 ## - INTERNATIONAL STANDARD BOOK NUMBER
International Standard Book Number 0195657136 (pbk)
037 ## - SOURCE OF ACQUISITION
Terms of availability Textual
040 ## - CATALOGING SOURCE
Original cataloging agency PAPL
Transcribing agency PAPL
Language of cataloging eng
041 ## - LANGUAGE CODE
Source of code eng
Language code of text/sound track or separate title eng
100 ## - MAIN ENTRY--PERSONAL NAME
Personal name Lathi B P
9 (RLIN) 443315
245 #0 - TITLE STATEMENT
Title Signal processing and linear systems by B P Lathi
260 ## - PUBLICATION, DISTRIBUTION, ETC.
Place of publication, distribution, etc. New
Name of publisher, distributor, etc. Delhi Oxford University Press
Date of publication, distribution, etc. 1998
300 ## - PHYSICAL DESCRIPTION
Extent x,850p
Dimensions cm.
500 ## - GENERAL NOTE
General note Bibliographical references 837-838p; Index 844-850p; ^n23/CSL/CARPA/2001-2002/360^d2001-10-07^mPurchase; ; 2001-2002/235^b2001-10-23^c059/01^d2001-10-10^eRs.1,476.00^fN R Book Distributors; ; 2002-01-09^bSB^c2002-05-27^dRPS
650 ## - SUBJECT ADDED ENTRY--TOPICAL TERM
Topical term or geographic name entry element Signal processing
9 (RLIN) 449298
650 ## - SUBJECT ADDED ENTRY--TOPICAL TERM
Topical term or geographic name entry element Telecommunication
9 (RLIN) 235632
650 ## - SUBJECT ADDED ENTRY--TOPICAL TERM
Topical term or geographic name entry element Electronics
942 ## - ADDED ENTRY ELEMENTS (KOHA)
Classification part D65,494, N8
Koha item type Textual
Source of classification or shelving scheme Colon Classification (CC)
Holdings
Withdrawn status Lost status Source of classification or shelving scheme Damaged status Not for loan Home library Current library Date acquired Source of acquisition Total Checkouts Full call number Barcode Date last seen Price effective from Koha item type
    Colon Classification (CC)     Department of Physics and Astrophysics Library Department of Physics and Astrophysics Library 2022-10-07 N R Book,   D65,494 N8 PA0005289 2022-10-07 2022-10-07 Textual
Copyright @ Delhi University Library System